000 00421nam a2200181Ia 4500
001 23362
005 20260414150932.0
008 260414t1986||||xx |||||||||||||| ||spa||
041 _aESP
082 _a629.892
_bF43
100 _aFerraté, G.
_eAUT
245 0 _aRobótica industrial
_b
260 _c1986
300 _axiii, 382 páginas :
_c25 cm.
650 _aCNM
654 _aCCN
942 _cLIB
_dJUS
_fJUS
_2ddc
_n
999 _c23362
_d23362